000 01373nam a2200277Ia 4500
003 OSt
005 20200831235304.0
008 191128s1999 ck fr 000 0 spa d
020 _a9589077161
040 _aCO-JMCR
_cCO-JMCR
041 0 _aspa
082 0 4 _a352 /
_bC718d
_223
110 1 _aColombia.
_bSenado de la República
_94415
245 1 0 _aDescentralización de verdad /
_cSenado de la República ; editor German D. Manga H.
250 _a1a. edición
260 _aBogotá :
_bSenado de la República,
_c1999
300 _a233 páginas ;
_c21 cm.
490 0 _aSoluciones para Colombia
505 0 _aDefensa de la descentralización -- Examen de la descentralización -- Impacto del desplazamiento humano forzado en las entidades territoriales -- Experiencias internacionales en descentralización -- Soluciones para la descentralización
520 3 _aBajo la Presidencia del Senador Fabio Valencia Cossio, el Senado de la República realizó una gran apertura a los gremios económicos, universidades, ONG y otras organizaciones para mejorar la calidad de las leyes mediante la concentración con los interesados
650 1 4 _aDescentralización administrativa
_zColombia
_97680
650 1 4 _aMunicipios
_zColombia
_99535
651 4 _aColombia
_xadministración pública
_99190
700 1 _aManga H., Germán D.,
_eeditor
_99536
942 _2ddc
_cBK
999 _c3828
_d3828